Improved seed production: a manual on the formulation implementation and evaluation of seed programmes and projects
Đã lưu trong:
| Định dạng: | Sách |
|---|---|
| Ngôn ngữ: | Tiếng Anh |
| Được phát hành: |
Roma
FAO
1978
|
| Loạt: | FAO. Plant production an protection series, 15
|
| Những chủ đề: | |
| Các nhãn: |
Thêm thẻ
Không có thẻ, Là người đầu tiên thẻ bản ghi này!
|
MARC
| LEADER | 00000nam a2200000 a 4500 | ||
|---|---|---|---|
| 001 | UCV7375 | ||
| 003 | CL-VaPUC | ||
| 008 | 911007e19780000IT |||||||||||||||||eng|d | ||
| 082 | 0 | 4 | |a 631.521 |b IMP |2 21 |
| 245 | 1 | 0 | |a Improved seed production: a manual on the formulation implementation and evaluation of seed programmes and projects |
| 300 | |a 146 p | ||
| 942 | |c BK | ||
| 945 | |d 19911007 00:00:00 | ||
| 260 | |a Roma |b FAO |c 1978 | ||
| 650 | 7 | |a SEMILLAS RENDIMIENTO |2 CL-VaPUC |9 264708 | |
| 583 | |a last modification |c 19911007 00:00:00 |k Rodrigo Vera | ||
| 490 | 0 | |a FAO. Plant production an protection series, 15 | |
| 999 | |c 213065 |d 213063 | ||